000
00278nam a2200109Ia 4500
008
220204s9999 xx 000 0 und d
082
_a
651
_b
RAL
100
_a
Ralston, Mary
245
0
_a
How to return to work in an office
260
_a
New York
_b
Harper & Row
_c
1972
942
_c
BK
999
_c
32081
_d
32081